000 00334nam a22001337a 4500
020 _a0-340-89467-9
082 _a823
_bBLY/F
100 _aENID BLYTON
245 _aTHE FAMOUS FIVE
_bFIVE HAVE PLENTY OF FUN
260 _aGREAT BRITAIN
_bHODDER CHILDREN'S BOOK
_c2004
300 _a250
650 _aADVENTURE
_zUNITED KINGDOM
942 _cBK
999 _c186
_d186